000 03875 a2200997 4500
001 24627
005 20260407155529.0
008 260407a2013 arg spa d
003 AR-UNSa-BCEJYS
040 _aAR-UNSa-BCEJYS
_bspa
_cAR-UNSa-BCEJYS
080 _a351.71
_xBienes públicos. Obras públicas. Impuestos (Contratación pública)
245 1 0 _aTratado general de los contratos públicos
020 _a978-987-03-2584-0
264 1 _aBuenos Aires :
_bLa Ley
_c2013
300 _a3v. (xxviii, 989; xxxvii, 1319; xxx, 1265 p.)
_c26 cm.
505 _aVol. I: 1. La contratación pública en general e instituciones afines - 2. La contratación pública en el derecho provincial y en el de la Ciudad Autónoma de Buenos Aires -- Vol. II: 3. La contratación pública en el derecho comparado - 4. La selección del contratista estatal y los procedimientos licitatorios - 5. Elementos e invalidez del contrato administrativo -- Vol. III: 6. La ejecucción y la extinción del contrato administrativo - 7. Los contratos administrativos en particular - 8. Los nuevos contratos de la administración y los regímenes especiales - 9. Las controversias en materia de contratos de la administración
041 _aspa
942 _cBK
590 _aniveau_biblio:m niveau_hierar:0
100 1 _aCassagne, Juan Carlos
700 1 _aAltamira Gigena, Julio Isidro
700 1 _aAndreucci, Carlos Alberto
700 1 _aAriño Ortiz, Gaspar
700 1 _aBarra, Rodolfo Carlos
700 1 _aBarrese, María Julia
700 1 _aButeler, Alfonso
700 1 _aCardona, Juan Carlos
700 1 _aCoronel, Gemán
700 1 _aJorge Coviello, Pedro José
700 1 _aCuadros, Oscar A.
700 1 _aFajardo Goméz, Mauricio
700 1 _aFarrando, Ismael
700 1 _aGalli Basualdo, Martín
700 1 _aIrusta, Juan Manuel
700 1 _aNallar, Daniel M.
700 1 _aSarmiento García, Jorge
700 1 _aSeijas, Gabriela
700 1 _aSobre Casas, Roberto Pablo
700 1 _aViale, Claudio Martín
700 1 _aAguilar Valdez, Oscar R.
700 1 _aAraujo Juárez, José
700 1 _aBéjar Rivera, Luis José
700 1 _aBianchi, Alberto B.
700 1 _aBotassi, Carlos A.
700 1 _aBrewer Carías, Allan R.
700 1 _aCanda, Fabián O.
700 1 _aChibán, Nora
700 1 _aDanós Ordóñez, Jorge
700 1 _aDurán Martínez, Augusto
700 1 _aFigueiredo Moreira Neto, Diogo de
700 1 _aFinn, María Victoria
700 1 _aGarcia Rajo, Eduardo
700 1 _aGonzález-Varas Ibáñez, Santiago
700 1 _aGottschau, E.Patrizia
700 1 _aHutchinson, Tomás A.
700 1 _aLamoglia, Carlos Marcelo
700 1 _aLlinás, Diego P.
700 1 _aMassimino, Leonardo F.
700 1 _aMata, Ismael
700 1 _aMedauar, Odete
700 1 _aModerne, Franck
700 1 _aMonti, Laura
700 1 _aMuratorio, Jorge I.
700 1 _aOteroValera, Juan Manuel
700 1 _aPacheco Barassi, Leandro T.
700 1 _aRiva, Ignacio M. de la
700 1 _aRodríguez Rodríguez, Libardo
700 1 _aSánchez, Alberto
700 1 _aSesin, Domingo J.
700 1 _aSilva Tamayo, Gustavo E.
700 1 _aSiseles, Osvaldo
700 1 _aTravi, Aldo
700 1 _aUgolini, Daniela
700 1 _aVergara Blanco, Alejandro
700 1 _aDe Vivero Arciniegas, Felipe
700 1 _aAberastury, Pedro
700 1 _aBarrera Muñoz, William
700 1 _aBello Knoll, Susy Inés
700 1 _aBogut Salcedo, Esteban
700 1 _aCalonje, Diego
700 1 _aCanosa, Armando N.
700 1 _aCarello, Luis Armando
700 1 _aCelorrio, Hernán
700 1 _aComadira, Julio Pablo
856 4 1 _uhttps://biblioeco.unsa.edu.ar/pmb/images/libros/Tratado General de los Contratos P?blicos(2013).jpg
_yImagen de portada
_qimage/jpeg
999 _c1206
_d1206